A correlation algorithm for the automated quantitative analysis of shotgun proteomics data /
Saved in:
| Other Authors: | , , , , |
|---|---|
| Format: | Article |
| Language: | English |
| Subjects: | |
| Tags: |
Add Tag
No Tags, Be the first to tag this record!
|
| Institutions: | Thư viện Trường Đại học Đà Lạt |
|---|
| LEADER | 01126nam a2200385 4500 | ||
|---|---|---|---|
| 001 | DLU090097628 | ||
| 005 | ##20091201 | ||
| 040 | # | # | |a DLU |b eng |
| 041 | # | # | |a eng |
| 044 | # | # | |a us |
| 245 | # | # | |a A correlation algorithm for the automated quantitative analysis of shotgun proteomics data / |c Michael J. MacCoss ... [et al.]. |
| 653 | # | # | |a Algorithm |
| 653 | # | # | |a Automatic analysis |
| 653 | # | # | |a Error correction |
| 653 | # | # | |a Fungi |
| 653 | # | # | |a Ion chromatography |
| 653 | # | # | |a Peptides |
| 653 | # | # | |a Protein |
| 653 | # | # | |a Proteomics |
| 653 | # | # | |a Saccharomyces cerevisiae |
| 700 | # | # | |a Liu, Hongbin. |
| 700 | # | # | |a MacCoss, Michael J. |
| 700 | # | # | |a Sadygov, Rovshan. |
| 700 | # | # | |a Wu, Christine C. |
| 700 | # | # | |a Yates, John R., III. |
| 773 | # | # | |t Analytical Chemistry |g Vol. 75, no. 24 (December 2003), p. 6912-6921 |
| 920 | # | # | |a Phòng Tạp chí -- Trung tâm Thông tin - Thư viện Trường Đại học Đà Lạt |
| 994 | # | # | |a DLU |
| 900 | # | # | |a True |
| 911 | # | # | |a Trương Bảo Trâm Anh |
| 925 | # | # | |a G |
| 926 | # | # | |a A |
| 927 | # | # | |a BB |
| 980 | # | # | |a Thư viện Trường Đại học Đà Lạt |